000 00495nam a2200181Ia 4500
001 19965
005 20260306172731.0
008 260306t2006||||xx |||||||||||||| ||spa||
041 _aESP
082 _a342
_bC241
100 _aCianciardo, Juan [coord.]
_eAUT
245 0 _aLa interpretación en la era del neoconstitucionalismo:
_buna aproximación interdisciplinaria
260 _c2006
300 _a455 páginas :
_c23 cm.
650 _aGEN
654 _aCDE
942 _cLIB
_dJUS
_fJUS
_2ddc
_n
999 _c19965
_d19965